banner-ar

THE KINGDOM OF SAUDI ARABIA / (Record no. 22082)

MARC details
000 -الفاتح
حقل البيانات ثابتة الطول 00485nam a2200193Ia 4500
008 - عناصر البيانات ثابتة الطول - معلومات عامة
حقل البيانات ثابتة الطول 140319s9999 xx 000 0 eng d
040 ## - مصدر الفهرسة
وكالة الفهرسة الأصلية GCL /
وكالة النسخ GCL
082 04 - رقم تصنيف ديوى العشرى
رقم التصنيف 953.8
رقم المادة D K
100 1# - المدخل الرئيسى - إسم شخصى
الإسم الشخصى DUNIPACE, ROBIN
245 10 - بيان العنوان
العنوان THE KINGDOM OF SAUDI ARABIA /
بيان المسئوليه,etc DUNIPACE, ROBIN
700 1# - المدخل الاضافى - اسم شخصى
الإسم الشخصى HANBURY, RHONA
260 ## - PUBLICATION, DISTRIBUTION, ETC. (IMPRINT)
تاريخ النشر أو التوزيع 1977
300 ## - الوصف المادى
التعداد 255 P
650 04 - المدخل الاضافى بالموضوع-مصطلح موضوعى
مصطلح موضوعي نجد
650 04 - المدخل الاضافى بالموضوع-مصطلح موضوعى
مصطلح موضوعي CULTURE
650 04 - المدخل الاضافى بالموضوع-مصطلح موضوعى
مصطلح موضوعي SAUDI ARABIA
942 ## - عناصر المدخل الإضافي( كوها)
مصدر التصنيف او مخطط الترفيف Dewey Decimal Classification
Koha [default] item type كتاب
260 ## - PUBLICATION, DISTRIBUTION, ETC. (IMPRINT)
-- [S.N] :
-- STACEY INTERNATIONAL ،
Holdings
حالة التراجع حالة الفقد حالة تلف ليس للاعارة المكان المؤقت الموقع الحالى تاريخ الاكتساب اجمالي اﻻعارات رقم الطلب الباركود تاريخ اخر مشاهدة تاريخ تفعيل السعر نوع وعاء كوها
        مكتبة القاهرة الكبرى مكتبة القاهرة الكبرى 03/26/2014   953.8\D K 40288 03/26/2014 03/26/2014 كتاب

Powered By

EGPV